Émoji Harry Potter - Statistiques

Statistiques générales
  • Ce quiz a été pris 281 fois
  • Le résultat moyen est 12 sur 18
Statistiques - réponses
ÉMOJIS Réponses % Correct
🧑🏻⚡🔴 Harry Potter
100%
🧑🏻➡️🐺 Remus Lupin
93%
🟢🍏🧑🏼 Drago Malefoy
83%
🧑🏼‍🦰🧑🏼‍🤝‍🧑🏽🧹 Ron Weasley
82%
🌺🏆👱🏼‍♀️ Fleur Delacour
79%
🧙‍♀️🐱🏫 Minerva Mcgonagall
79%
🌂💪🐉 Rubeus Hagrid
79%
👨🏻‍🦲🐍💀 Lord Voldemort
76%
🦚🧙🏼‍♂️🏰 Albus Dumbledore
71%
👥👨‍🦰💀 Fred Weasley
71%
🦢👩🏻👩‍❤️‍💋‍👨 Cho Chang
69%
👩🏼‍🦰🤱🏼🔴 Molly Weasley
68%
🧪💀🐍 Severus Rogue
68%
👩🏾‍🤝‍👩🏽🔴💃🏻 Parvati Patil
48%
🙎🏻🦀🐍 Vincent Crabbe
45%
💀👁️🧑🏼‍🦯 Alastor Maugrey
44%
🐍🔮🧙🏼‍♀️ Lucius Malefoy
21%
🤏✨⚔️ Filius Flitwick
19%
Aucun quiz correspondant
Distribution des résultats
% des personnes avec chaque résultat
Percentile par nombre de réponses
Votre historique - résultats
Vous n’avez pas pris ce quiz